Strategic management : competitiveness and globalization (Record no. 5670)

MARC details
000 -LEADER
fixed length control field 00577nam a2200193Ia 4500
003 - CONTROL NUMBER IDENTIFIER
control field SGT
020 ## - INTERNATIONAL STANDARD BOOK NUMBER
International Standard Book Number 9789812402332
082 ## - DEWEY DECIMAL CLASSIFICATION NUMBER
Classification number 658.4012
Item number HIT
100 ## - MAIN ENTRY--PERSONAL NAME
Personal name Hitt, Michael A.
245 ## - TITLE STATEMENT
Title Strategic management : competitiveness and globalization
250 ## - EDITION STATEMENT
Edition statement 4th Ed.
260 ## - PUBLICATION, DISTRIBUTION, ETC. (IMPRINT)
Name of publisher, distributor, etc Cengage Learning
Place of publication, distribution, etc Autralia
Year of Publication 2001
300 ## - PAGE DESCRIPTION
No. of Pages Vp.
650 ## - SUBJECT ADDED ENTRY--TOPICAL TERM
Topical term or geographic name as entry element MANAGEMENT
653 ## - KEYWORDS--INDEX TERM
Keyword term STRATEGIC MANAGEMENT INPUTS,STRATEGIC ACTIONS STRATEGY FORMULATION,STRATEGIC ACTIONS STRATEGY IMPLEMENTATION,
700 ## - ADDED ENTRY--PERSONAL NAME
Personal name Hoskisson, Robert E.
700 ## - ADDED ENTRY--PERSONAL NAME
Personal name Ireland, R. Duane
942 ## - ADDED ENTRY ELEMENTS (KOHA)
Source of classification or shelving scheme Dewey Decimal Classification
Koha item type Books
Holdings
Withdrawn status Lost status Source of classification or shelving scheme Damaged status Not for loan Home library Current library Date acquired SGTU Total Checkouts Full call number Accession No. (Barcode) Date last seen Bill Date Koha item type
    Dewey Decimal Classification     SGT Engineering Library SGT Engineering Library 17/11/2013 SGTU   658.4012 HIT FE6237 09/02/2015 09/02/2015 Books